Délmagyarország. - 1927. január 23., Vasárnap
Elmentve itt :
| Dokumentumtípus: | Újság |
|---|---|
| Megjelent: |
1927-01-23
|
| Sorozat: | Délmagyarország
3 No. 18 |
| Online Access: | http://dmarchiv.bibl.u-szeged.hu/5207 |
| LEADER | 00487nas a2200145 i 4500 | ||
|---|---|---|---|
| 001 | delm5207 | ||
| 005 | 20200414151043.0 | ||
| 008 | 171213s1927 hu n o 0|| hun d | ||
| 022 | |a 0133-025X | ||
| 040 | |a SZTE Délmagyarország Archívum |b hun | ||
| 041 | |a hun | ||
| 245 | 0 | 0 | |a Délmagyarország. - 1927. január 23., Vasárnap |h [elektronikus dokumentum] |
| 260 | |c 1927-01-23 | ||
| 490 | 0 | |a Délmagyarország |v 3 No. 18 | |
| 856 | 4 | 0 | |u http://dmarchiv.bibl.u-szeged.hu/5207/1/dm_1927_018.pdf |z Dokumentum-elérés |